00890nam a22002417a 4500003000400000005001700004008004100021040001800062050002100080100003900101245008200140300003600222500009500258504004200353650001900395650004900414650004200463650004600505650003400551650003100585942001500616999001700631OSt20260530115320.0260508b |||a|||| |||| 00| 0 eng d aICIbspacICI aBF408b.U74 20191 aUreña Ballado, María,eautora.10aNeurodesign :ba book to create whatever you want /cMaría Ureña Ballado. a46 páginas :bilustraciones ; aObra sobre la aplicación de principios de neurociencia al proceso creativo del diseño. aIncluye referencias bibliográficas. 0aNeurodiseño. 0aCreatividadxAspectos psicológicos.934303 0aDiseñoxProcesos cognitivos.934304 0aNeurociencia aplicada al diseño.934305 0aInnovación creativa.934306 0aPensamiento visual.934307 2lcccBKn1 c13745d13745